Statystyki dla Kraje zarażone koronawirusem

Kliknij tutaj aby rozwiązać quiz!

Ogólne statystyki

  • Ten quiz został rozwiązany 155 razy
    (140 od ostatniego zresetowania)
  • Średni wynik to 39 z 77

Statystyki odpowiedzi

Liczba ZarażonychKraj% Poprawnych
80,1 tysChiny
97%
196Niemcy
91%
2,5 tysWłochy
91%
3Rosja
84%
293Japonia
83%
204Francja
81%
5,1 tysKorea Południowa
79%
153Hiszpania
76%
51Wielka Brytania
76%
32Norwegia
73%
24Szwecja
71%
1Ukraina
70%
29Kanada
69%
2,3 tysIran
66%
1Litwa
66%
2Brazylia
65%
5Czechy
65%
6Finlandia
65%
6Indie
65%
6Dania
63%
24Austria
62%
1Łotwa
62%
5Meksyk
62%
39Australia
61%
1Białoruś
60%
104Stany
60%
7Grecja
59%
2Portugalia
58%
2Egipt
57%
24Holandia
57%
57Szwajcaria
57%
1Argentyna
56%
13Belgia
56%
32Irak
56%
1Irlandia
55%
2Indonezja
53%
11Islandia
53%
1Islandia
53%
1Nowa Zelandia
52%
43Tajlandia
51%
16Wietnam
50%
4Rumunia
49%
9Chorwacja
47%
1Arabia Saudyjska
45%
3Filipiny
44%
1Luksemburg
44%
5Pakistan
44%
12Oman
41%
10San Marino
40%
3Algieria
39%
36Malezja
39%
12Izrael
38%
1Andora
37%
1Liechtenstein
36%
1Monako
36%
110Singapur
35%
1Kambodża
34%
42Tajwan
34%
1Afganistan
33%
8Katar
33%
1Nepal
32%
3Gruzja
31%
1Sri Lanka
31%
3Azerbejdżan
28%
56Kuwejt
28%
1Tunezja
28%
1Armenia
27%
49Bahrajn
27%
1Nigeria
27%
7Ekwador
26%
13Liban
26%
1Macedonia
26%
1Dominikana
24%
1Jordania
24%
21Zjednoczone Emiraty
22%
1Senegal
21%
1Estonaia
5%

Rozkład punktacji

Percentyl według liczby udzielonych odpowiedzi

Procent ludzi z każdym wynikiem

Twoja historia wyników

Nie rozwiązałeś tego quizu od ostatniego zresetowania